Legal Research Writing (Record no. 41378)

MARC details
000 -LEADER
fixed length control field 00397nam a2200181Ia 4500
020 ## - INTERNATIONAL STANDARD BOOK NUMBER
ISBN 9789785432121
050 ## - CALL MARK
Classification number KP 66 .E4/
100 ## - STATEMENT OF RESPONSIBILITY--MAIN AUTHOR NAME
Personal name Ezike, Obimma Edwin
245 #0 - TITLE STATEMENT
Title Legal Research Writing
260 ## - PUBLICATION, DISTRIBUTION, ETC. (IMPRINT)
Place of publication Enugu
260 ## - PUBLICATION, DISTRIBUTION, ETC. (IMPRINT)
Name of publisher Chenglo
260 ## - PUBLICATION, DISTRIBUTION, ETC. (IMPRINT)
Year of publication 2018
300 ## - PHYSICAL DESCRIPTION
Number of Pages 8 p
650 ## - SUBJECT ADDED ENTRY--TOPICAL TERM
Topical Term Enugu
942 ## - ADDED ENTRY ELEMENTS (KOHA)
Koha item type Books
Holdings
Withdrawn status Lost status Source of classification or shelving scheme Damaged status Not for loan Permanent Location Current Location Shelving location Date acquired Accession Number Price effective from Koha item type
    Library of Congress Classification     Law Library Law Library Items on shelf 06/03/2025 0190922 06/03/2025 Books
    Library of Congress Classification     NILE UNIVERSITY OF NIGERIA - MAIN LIBRARY NILE UNIVERSITY OF NIGERIA - MAIN LIBRARY Items on shelf 06/03/2025 0190923 06/03/2025 Books